00531nam a2200169Ia 450000500170000000800410001702000150005808200130007324500290008626000680011530000130018365000180019670000270021494200060024195200990024799900150034620250404060919.0240331s9999 xx 000 0 und d a9559161032 bSIRa894 0aSiripalapura mahaththiya aNugegodabIlankai Sootraadal Vekujana thodarbalar Peravaic1994 a128 p ., aShort Stories aWickremaratne,D. eedt cL 001040708LaWERCLbWERCLcSSCd2024-03-31l0o 894.811 SIRp6285r2024-03-31w2024-03-31yL c4648d4648